|
|
|
|
| LEADER |
00000nab a2200000 ar4500 |
| 001 |
vtls010031834 |
| 003 |
SK-MaSNL |
| 005 |
20260304154850.0 |
| 008 |
250507c2009 xo mr|p|||||||000 b|slo |
| 015 |
|
|
|a SNBRB2009/12
|2 snkbucl
|
| 035 |
|
|
|a (uuid)1f1ce234-8965-4aee-8aaa-005f5e44e9c3
|
| 035 |
|
|
|a urn:nbn:sk:snk-abachc
|
| 035 |
|
|
|a (urnnbn)urn:nbn:sk:snk:ar-a0ad8g
|
| 038 |
|
|
|a SNKBUCL
|
| 040 |
|
|
|a SNKBUCL
|b slo
|c SNKBUCL
|e AACR2
|
| 041 |
0 |
|
|a slo
|
| 044 |
|
|
|a xo
|c SK
|
| 080 |
|
|
|a 656.34
|x (100)
|2 2001
|
| 100 |
1 |
|
|a Adamčíková, Zdenka
|4 aut
|9 506012
|
| 245 |
1 |
0 |
|a Preťažené cesty svetových metropol rieši metro
|b podzemné železnicve sú dopravným systémom spájajúcim prepravu s umením
|c Zdenka Adamčíková
|
| 300 |
|
|
|b Tab.
|
| 650 |
0 |
7 |
|a veľkomestá
|2 snkbucl
|9 2932
|
| 650 |
0 |
7 |
|a metro
|2 snkbucl
|9 58330
|
| 773 |
0 |
|
|t Doprava a logistika
|g Roč. 4., č. 9 (2009), s. 20-21
|x 1337-0138
|
| 850 |
|
|
|a Slovenská národná knižnica
|
| 852 |
|
|
|a Slovenská národná knižnica
|
| 954 |
|
|
|a odborná, vedecká literatúra pôvodná (slovenská)
|2 lita
|
| 958 |
|
|
|a article14
|
| 958 |
|
|
|a OND
|
| 958 |
|
|
|a EUIPO
|
| 999 |
|
|
|c 2959607
|d 2961537
|